Botella en el mar

-д хадгалсан:
Номзүйн дэлгэрэнгүй
Үндсэн зохиолч: Negro, Juan (autor)
Формат: Ном
Хэл сонгох:испани
Хэвлэсэн: Santiago Sociedad de Escritores de Chile 1947
Нөхцлүүд:
Шошгууд: Шошго нэмэх
Шошго байхгүй, Энэхүү баримтыг шошголох эхний хүн болох!

MARC

LEADER 00000nam a2200000 a 4500
001 UCQ6332
003 CL-VaPUC
008 981009e19470000CL |||||||||||||||||spa|d
082 0 4 |a Ch863  |b NEG  |2 21 
100 |a Negro, Juan  |e autor  |9 515444 
245 1 0 |a Botella en el mar 
300 |a 74 p 
942 |c BK 
945 |d 19981009 00:00:00  |a crobeson 
260 |a Santiago  |b Sociedad de Escritores de Chile  |c 1947 
650 0 |a Novelas chilenas   |9 265425 
650 0 |a Literatura chilena   |9 308278 
583 |a last modification  |c 19981009 00:00:00  |k Rodrigo Vera 
999 |c 276329  |d 276327